[Event "45th FIDE Chess Olympiad Open"]
[Site "Budapest, Hungary"]
[Date "2024.09.19"]
[Round "8"]
[White "Christiansen, Johan-Sebastian"]
[Black "Nguyen, Ngoc Truong Son"]
[Result "1/2-1/2"]
[Board "22"]
[WhiteFideId "1512668"]
[BlackFideId "12401110"]
[WhiteTitle "GM"]
[BlackTitle "GM"]
[WhiteElo "2661"]
[BlackElo "2633"]
[WhiteTeam "Norway"]
[BlackTeam "Vietnam"]
[WhiteClock "0:09:37"]
[BlackClock "0:05:02"]
[Variant "Standard"]

1. e4 {[%clk 1:30:54]}  e5 {[%clk 1:30:19]} 2. Nf3 {[%clk 1:31:08]}  Nc6 {[%clk 1:30:26]} 3. Bb5 {[%clk 1:31:11]}  Nge7 {[%clk 1:29:25]} 4. c3 {[%clk 1:23:35]}  d5 {[%clk 1:22:21]} 5. Nxe5 {[%clk 1:15:50]}  dxe4 {[%clk 1:22:09]} 6. d4 {[%clk 1:09:23]}  exd3 {[%clk 1:21:05]} 7. Qf3 {[%clk 1:00:45]}  Be6 {[%clk 1:17:48]} 8. O-O {[%clk 0:46:02]}  Qd5 {[%clk 1:15:59]} 9. Qxd5 {[%clk 0:45:46]}  Bxd5 {[%clk 1:16:14]} 10. Nxc6 {[%clk 0:40:24]}  Bxc6 {[%clk 1:09:58]} 11. Bxd3 {[%clk 0:40:42]}  O-O-O {[%clk 1:10:09]} 12. Bc4 {[%clk 0:38:30]}  Nd5 {[%clk 1:08:36]} 13. Be2 {[%clk 0:27:11]}  Bd6 {[%clk 0:48:23]} 14. Bf3 {[%clk 0:26:07]}  Rhe8 {[%clk 0:47:44]} 15. Nd2 {[%clk 0:21:10]}  Bf8 {[%clk 0:37:27]} 16. g3 {[%clk 0:13:12]}  f5 {[%clk 0:32:06]} 17. Nb3 {[%clk 0:11:43]}  Nb4 {[%clk 0:26:32]} 18. Bxc6 {[%clk 0:09:48]}  Nxc6 {[%clk 0:26:58]} 19. Bg5 {[%clk 0:09:36]}  Be7 {[%clk 0:25:32]} 20. Bxe7 {[%clk 0:10:01]}  Rxe7 {[%clk 0:25:57]} 21. Rfe1 {[%clk 0:10:10]}  Ne5 {[%clk 0:24:15]} 22. Kf1 {[%clk 0:06:16]}  Rde8 {[%clk 0:22:26]} 23. Nd4 {[%clk 0:04:46]}  g6 {[%clk 0:22:47]} 24. Rad1 {[%clk 0:04:25]}  a6 {[%clk 0:22:03]} 25. Nc2 {[%clk 0:03:53]}  Nf3 {[%clk 0:21:02]} 26. Rxe7 {[%clk 0:04:19]}  Rxe7 {[%clk 0:21:25]} 27. h3 {[%clk 0:02:43]}  Ng5 {[%clk 0:21:20]} 28. h4 {[%clk 0:02:40]}  Ne4 {[%clk 0:21:40]} 29. Kg2 {[%clk 0:02:42]}  Re6 {[%clk 0:15:14]} 30. Ne3 {[%clk 0:02:43]}  Nf6 {[%clk 0:15:09]} 31. Kf3 {[%clk 0:02:52]}  c6 {[%clk 0:15:19]} 32. Rd2 {[%clk 0:02:27]}  Kc7 {[%clk 0:15:29]} 33. Nc2 {[%clk 0:01:43]}  Ng4 {[%clk 0:14:53]} 34. Ne3 {[%clk 0:01:22]}  Ne5+ {[%clk 0:10:51]} 35. Kg2 {[%clk 0:01:49]}  b5 {[%clk 0:09:46]} 36. h5 {[%clk 0:01:31]}  a5 {[%clk 0:10:02]} 37. hxg6 {[%clk 0:02:00]}  hxg6 {[%clk 0:10:28]} 38. Kf1 {[%clk 0:01:19]}  Nf3 {[%clk 0:07:03]} 39. Rd3 {[%clk 0:01:44]}  Ng5 {[%clk 0:05:56]} 40. Ng2 {[%clk 0:01:39]}  Ne4 {[%clk 0:06:01]} 41. Ne3 {[%clk 0:26:05]}  a4 {[%clk 0:32:41]} 42. a3 {[%clk 0:24:41]}  Nd6 {[%clk 0:22:21]} 43. Rd4 {[%clk 0:22:34]}  c5 {[%clk 0:19:30]} 44. Rh4 {[%clk 0:22:41]}  Kc6 {[%clk 0:19:33]} 45. Rh8 {[%clk 0:21:06]}  Ne4 {[%clk 0:17:55]} 46. Ke2 {[%clk 0:16:50]}  Rd6 {[%clk 0:18:14]} 47. Ke1 {[%clk 0:17:13]}  Re6 {[%clk 0:14:39]} 48. Ke2 {[%clk 0:17:07]}  Rd6 {[%clk 0:11:28]} 49. Ke1 {[%clk 0:17:26]}  Nd2 {[%clk 0:09:29]} 50. Rc8+ {[%clk 0:15:47]}  Kb6 {[%clk 0:09:38]} 51. Rb8+ {[%clk 0:15:22]}  Ka6 {[%clk 0:09:17]} 52. Rh8 {[%clk 0:11:30]}  Kb7 {[%clk 0:08:54]} 53. Rh6 {[%clk 0:09:36]}  Ne4 {[%clk 0:08:25]} 54. Rh7+ {[%clk 0:09:38]}  Kc6 {[%clk 0:07:36]} 55. Rh8 {[%clk 0:09:37]}  Re6 {[%clk 0:05:02]} 1/2-1/2

[Event "45th FIDE Chess Olympiad Open"]
[Site "Budapest, Hungary"]
[Date "2024.09.19"]
[Round "8"]
[White "Le, Tuan Minh"]
[Black "Tari, Aryan"]
[Result "1-0"]
[Board "23"]
[WhiteFideId "12401153"]
[BlackFideId "1510045"]
[WhiteTitle "GM"]
[BlackTitle "GM"]
[WhiteElo "2564"]
[BlackElo "2642"]
[WhiteTeam "Vietnam"]
[BlackTeam "Norway"]
[WhiteClock "0:03:24"]
[BlackClock "0:00:33"]
[Variant "Standard"]

1. d4 {[%clk 1:30:56]}  Nf6 {[%clk 1:30:54]} 2. c4 {[%clk 1:31:18]}  g6 {[%clk 1:31:19]} 3. Nf3 {[%clk 1:31:44]}  Bg7 {[%clk 1:31:45]} 4. g3 {[%clk 1:32:11]}  c6 {[%clk 1:32:04]} 5. Bg2 {[%clk 1:32:36]}  d5 {[%clk 1:32:26]} 6. Nbd2 {[%clk 1:32:31]}  O-O {[%clk 1:30:04]} 7. O-O {[%clk 1:32:52]}  Bf5 {[%clk 1:27:45]} 8. b3 {[%clk 1:32:29]}  a5 {[%clk 1:28:09]} 9. Bb2 {[%clk 1:32:39]}  a4 {[%clk 1:25:07]} 10. e3 {[%clk 1:32:01]}  Qa5 {[%clk 1:21:27]} 11. Ba3 {[%clk 1:15:39]}  Re8 {[%clk 1:16:12]} 12. Qe2 {[%clk 1:13:08]}  Ne4 {[%clk 0:58:19]} 13. Nxe4 {[%clk 1:04:59]}  Bxe4 {[%clk 0:58:20]} 14. Rfc1 {[%clk 1:02:39]}  dxc4 {[%clk 0:46:11]} 15. bxc4 {[%clk 0:57:49]}  Nd7 {[%clk 0:45:57]} 16. Bb2 {[%clk 0:41:44]}  Rad8 {[%clk 0:36:11]} 17. Bc3 {[%clk 0:35:01]}  Qc7 {[%clk 0:29:52]} 18. Qd1 {[%clk 0:25:58]}  b5 {[%clk 0:23:18]} 19. Bf1 {[%clk 0:21:52]}  Rb8 {[%clk 0:19:50]} 20. Ng5 {[%clk 0:19:33]}  Nf6 {[%clk 0:17:31]} 21. Nxe4 {[%clk 0:17:57]}  Nxe4 {[%clk 0:17:55]} 22. cxb5 {[%clk 0:18:24]}  cxb5 {[%clk 0:17:49]} 23. Bb4 {[%clk 0:18:50]}  Qd8 {[%clk 0:14:19]} 24. Qf3 {[%clk 0:15:23]}  Nd6 {[%clk 0:13:19]} 25. Rab1 {[%clk 0:15:18]}  Qd7 {[%clk 0:08:48]} 26. Qd5 {[%clk 0:12:39]}  Bf8 {[%clk 0:07:35]} 27. Bxd6 {[%clk 0:11:30]}  b4 {[%clk 0:08:00]} 28. Rc6 {[%clk 0:04:07]}  exd6 {[%clk 0:08:05]} 29. Bb5 {[%clk 0:03:59]}  b3 {[%clk 0:05:15]} 30. axb3 {[%clk 0:02:11]}  a3 {[%clk 0:05:35]} 31. Ra1 {[%clk 0:01:42]}  Qe6 {[%clk 0:04:08]} 32. Bc4 {[%clk 0:01:57]}  Qxd5 {[%clk 0:03:48]} 33. Bxd5 {[%clk 0:02:26]}  Rb5 {[%clk 0:04:04]} 34. e4 {[%clk 0:02:18]}  Ra5 {[%clk 0:03:36]} 35. Rc7 {[%clk 0:01:40]}  Re7 {[%clk 0:03:51]} 36. Rc8 {[%clk 0:02:07]}  Rea7 {[%clk 0:01:44]} 37. Rb8 {[%clk 0:02:22]}  a2 {[%clk 0:00:35]} 38. b4 {[%clk 0:02:42]}  Ra4 {[%clk 0:00:40]} 39. b5 {[%clk 0:03:01]}  Kg7 {[%clk 0:00:35]} 40. b6 {[%clk 0:03:19]}  R7a5 {[%clk 0:00:33]} 41. b7 {[%clk 0:03:24]} 1-0

[Event "45th FIDE Chess Olympiad Open"]
[Site "Budapest, Hungary"]
[Date "2024.09.19"]
[Round "8"]
[White "Urkedal, Frode Olav Olsen"]
[Black "Tran, Tuan Minh"]
[Result "1/2-1/2"]
[Board "24"]
[WhiteFideId "1506102"]
[BlackFideId "12401820"]
[WhiteTitle "GM"]
[BlackTitle "GM"]
[WhiteElo "2546"]
[BlackElo "2434"]
[WhiteTeam "Norway"]
[BlackTeam "Vietnam"]
[WhiteClock "0:02:56"]
[BlackClock "0:02:53"]
[Variant "Standard"]

1. e4 {[%clk 1:30:58]}  c5 {[%clk 1:30:09]} 2. Nf3 {[%clk 1:31:22]}  d6 {[%clk 1:29:49]} 3. d4 {[%clk 1:31:46]}  cxd4 {[%clk 1:30:14]} 4. Nxd4 {[%clk 1:32:11]}  Nf6 {[%clk 1:30:31]} 5. Nc3 {[%clk 1:32:36]}  a6 {[%clk 1:30:36]} 6. Be3 {[%clk 1:32:40]}  e5 {[%clk 1:23:06]} 7. Nb3 {[%clk 1:32:14]}  Be7 {[%clk 1:20:39]} 8. f3 {[%clk 1:31:49]}  Be6 {[%clk 1:19:34]} 9. Qd2 {[%clk 1:32:02]}  O-O {[%clk 1:10:30]} 10. O-O-O {[%clk 1:29:24]}  b5 {[%clk 1:10:04]} 11. g4 {[%clk 1:20:49]}  b4 {[%clk 1:02:21]} 12. Nd5 {[%clk 1:20:56]}  Bxd5 {[%clk 1:02:31]} 13. exd5 {[%clk 1:21:18]}  a5 {[%clk 1:02:59]} 14. Nc5 {[%clk 1:12:10]}  a4 {[%clk 0:35:50]} 15. g5 {[%clk 1:07:07]}  Nfd7 {[%clk 0:33:08]} 16. Ne4 {[%clk 1:05:07]}  Qa5 {[%clk 0:32:41]} 17. h4 {[%clk 0:59:38]}  Na6 {[%clk 0:31:24]} 18. Bh3 {[%clk 0:47:00]}  Nac5 {[%clk 0:29:08]} 19. h5 {[%clk 0:42:53]}  Nxe4 {[%clk 0:15:50]} 20. fxe4 {[%clk 0:43:17]}  Nc5 {[%clk 0:16:17]} 21. Qg2 {[%clk 0:35:00]}  b3 {[%clk 0:16:03]} 22. cxb3 {[%clk 0:35:19]}  a3 {[%clk 0:13:38]} 23. Bxc5 {[%clk 0:24:43]}  axb2+ {[%clk 0:12:12]} 24. Qxb2 {[%clk 0:25:06]}  Bxg5+ {[%clk 0:12:23]} 25. Kb1 {[%clk 0:25:27]}  Qxc5 {[%clk 0:12:49]} 26. Rd3 {[%clk 0:24:17]}  Rfb8 {[%clk 0:09:01]} 27. Rc3 {[%clk 0:24:00]}  Qa7 {[%clk 0:07:06]} 28. Qc2 {[%clk 0:23:31]}  Be3 {[%clk 0:06:04]} 29. Rc7 {[%clk 0:19:22]}  Qa5 {[%clk 0:03:51]} 30. Rf1 {[%clk 0:17:54]}  Bf4 {[%clk 0:04:02]} 31. Rc6 {[%clk 0:17:17]}  Qb4 {[%clk 0:04:02]} 32. Rc4 {[%clk 0:15:33]}  Qb6 {[%clk 0:04:11]} 33. Rc6 {[%clk 0:12:30]}  Qd8 {[%clk 0:03:03]} 34. Rc7 {[%clk 0:11:11]}  Qh4 {[%clk 0:02:19]} 35. Bc8 {[%clk 0:08:30]}  g6 {[%clk 0:02:12]} 36. hxg6 {[%clk 0:07:02]}  hxg6 {[%clk 0:02:41]} 37. Qc6 {[%clk 0:05:13]}  Qd8 {[%clk 0:02:42]} 38. Bb7 {[%clk 0:04:25]}  Ra7 {[%clk 0:01:15]} 39. Rh1 {[%clk 0:03:54]}  Kg7 {[%clk 0:00:58]} 40. Rd7 {[%clk 0:03:02]}  Qf6 {[%clk 0:00:35]} 41. Qb6 {[%clk 0:27:45]}  Raa8 {[%clk 0:25:15]} 42. Qg1 {[%clk 0:14:44]}  Rd8 {[%clk 0:23:40]} 43. Bxa8 {[%clk 0:12:11]}  Rxd7 {[%clk 0:24:06]} 44. Bc6 {[%clk 0:12:19]}  Rd8 {[%clk 0:23:49]} 45. Kc2 {[%clk 0:10:59]}  Rb8 {[%clk 0:21:28]} 46. a3 {[%clk 0:11:05]}  Bg5 {[%clk 0:19:45]} 47. Qf1 {[%clk 0:10:50]}  Qd8 {[%clk 0:18:53]} 48. b4 {[%clk 0:10:07]}  Qb6 {[%clk 0:19:02]} 49. Qf3 {[%clk 0:07:06]}  Qd4 {[%clk 0:17:16]} 50. Kb3 {[%clk 0:07:29]}  Be3 {[%clk 0:14:57]} 51. Rd1 {[%clk 0:07:18]}  Qa7 {[%clk 0:15:19]} 52. Rf1 {[%clk 0:06:22]}  Bf4 {[%clk 0:15:28]} 53. Rh1 {[%clk 0:06:20]}  Qb6 {[%clk 0:15:35]} 54. Qe2 {[%clk 0:04:35]}  Qc5 {[%clk 0:13:20]} 55. Qf3 {[%clk 0:04:03]}  Qa7 {[%clk 0:12:14]} 56. Qe2 {[%clk 0:04:11]}  Be3 {[%clk 0:11:55]} 57. Re1 {[%clk 0:02:32]}  Bg5 {[%clk 0:08:48]} 58. Rh1 {[%clk 0:02:53]}  Rf8 {[%clk 0:08:58]} 59. Qf3 {[%clk 0:02:28]}  Rb8 {[%clk 0:07:47]} 60. Qe2 {[%clk 0:02:44]}  Qb6 {[%clk 0:06:31]} 61. Qf3 {[%clk 0:02:00]}  Bd2 {[%clk 0:05:10]} 62. Rf1 {[%clk 0:02:10]}  Bf4 {[%clk 0:05:08]} 63. Rh1 {[%clk 0:02:26]}  Qa7 {[%clk 0:03:23]} 64. Qe2 {[%clk 0:02:38]}  Qd4 {[%clk 0:03:11]} 65. Rd1 {[%clk 0:02:56]}  Qb6 {[%clk 0:02:53]} 1/2-1/2

[Event "45th FIDE Chess Olympiad Open"]
[Site "Budapest, Hungary"]
[Date "2024.09.19"]
[Round "8"]
[White "Mchedlishvili, Mikheil"]
[Black "Giri, Anish"]
[Result "0-1"]
[Board "25"]
[WhiteFideId "13600966"]
[BlackFideId "24116068"]
[WhiteTitle "GM"]
[BlackTitle "GM"]
[WhiteElo "2574"]
[BlackElo "2724"]
[WhiteTeam "Georgia"]
[BlackTeam "Netherlands"]
[WhiteClock "0:01:24"]
[BlackClock "0:16:54"]
[Variant "Standard"]

1. Nf3 {[%clk 1:30:55]}  d5 {[%clk 1:30:55]} 2. c4 {[%clk 1:30:57]}  d4 {[%clk 1:29:55]} 3. b4 {[%clk 1:30:33]}  c5 {[%clk 1:30:03]} 4. Bb2 {[%clk 1:29:33]}  Nf6 {[%clk 1:29:09]} 5. g3 {[%clk 1:25:59]}  Qc7 {[%clk 1:26:45]} 6. Bg2 {[%clk 1:23:25]}  e5 {[%clk 1:26:55]} 7. O-O {[%clk 1:20:39]}  Nc6 {[%clk 1:25:54]} 8. b5 {[%clk 1:06:43]}  Ne7 {[%clk 1:25:41]} 9. d3 {[%clk 1:03:54]}  Ng6 {[%clk 1:23:41]} 10. e3 {[%clk 1:03:41]}  Be7 {[%clk 1:23:36]} 11. Re1 {[%clk 1:02:32]}  O-O {[%clk 1:20:48]} 12. a4 {[%clk 1:02:27]}  Bf5 {[%clk 1:10:34]} 13. a5 {[%clk 0:56:48]}  Rad8 {[%clk 1:06:37]} 14. e4 {[%clk 0:55:09]}  Bd7 {[%clk 1:06:38]} 15. Bc1 {[%clk 0:55:01]}  a6 {[%clk 1:05:24]} 16. b6 {[%clk 0:48:38]}  Qc8 {[%clk 1:05:34]} 17. Nbd2 {[%clk 0:47:34]}  h6 {[%clk 1:05:08]} 18. Kh1 {[%clk 0:37:16]}  Bh3 {[%clk 1:00:22]} 19. Ng1 {[%clk 0:35:51]}  Bxg2+ {[%clk 1:00:34]} 20. Kxg2 {[%clk 0:36:19]}  Qe6 {[%clk 0:58:43]} 21. Rf1 {[%clk 0:34:49]}  Nd7 {[%clk 0:56:23]} 22. Qe2 {[%clk 0:34:26]}  Bg5 {[%clk 0:55:51]} 23. Nh3 {[%clk 0:32:35]}  Bxd2 {[%clk 0:55:31]} 24. Bxd2 {[%clk 0:32:59]}  f5 {[%clk 0:49:22]} 25. f3 {[%clk 0:32:47]}  f4 {[%clk 0:48:27]} 26. Be1 {[%clk 0:30:08]}  Nf6 {[%clk 0:47:04]} 27. Nf2 {[%clk 0:23:57]}  h5 {[%clk 0:41:43]} 28. Bd2 {[%clk 0:24:14]}  Nh7 {[%clk 0:38:28]} 29. Rg1 {[%clk 0:22:31]}  Rf6 {[%clk 0:33:54]} 30. Raf1 {[%clk 0:16:44]}  Rdf8 {[%clk 0:32:46]} 31. g4 {[%clk 0:11:45]}  Nh4+ {[%clk 0:27:49]} 32. Kh1 {[%clk 0:12:08]}  Rh6 {[%clk 0:22:12]} 33. Nh3 {[%clk 0:05:05]}  hxg4 {[%clk 0:22:23]} 34. Rxg4 {[%clk 0:04:59]}  Nf6 {[%clk 0:22:46]} 35. Ng5 {[%clk 0:04:45]}  Qd7 {[%clk 0:23:10]} 36. Rgg1 {[%clk 0:04:59]}  g6 {[%clk 0:23:30]} 37. Be1 {[%clk 0:03:57]}  Kg7 {[%clk 0:23:54]} 38. Rf2 {[%clk 0:04:00]}  Rfh8 {[%clk 0:24:05]} 39. Qf1 {[%clk 0:02:17]}  Rh5 {[%clk 0:23:37]} 40. Rd2 {[%clk 0:01:59]}  Kf8 {[%clk 0:21:21]} 41. Ra2 {[%clk 0:28:01]}  Ke7 {[%clk 0:49:36]} 42. Rb2 {[%clk 0:27:28]}  Qc8 {[%clk 0:46:14]} 43. Re2 {[%clk 0:25:46]}  Qf8 {[%clk 0:43:15]} 44. Qh3 {[%clk 0:24:54]}  Nf5 {[%clk 0:41:56]} 45. Qxh5 {[%clk 0:24:53]}  Ng3+ {[%clk 0:37:15]} 46. Bxg3 {[%clk 0:25:09]}  Rxh5 {[%clk 0:35:13]} 47. Be1 {[%clk 0:25:33]}  Qc8 {[%clk 0:35:29]} 48. Ra2 {[%clk 0:22:32]}  Kf8 {[%clk 0:33:41]} 49. Rb2 {[%clk 0:19:37]}  Qd7 {[%clk 0:33:29]} 50. Ra2 {[%clk 0:19:52]}  Ke7 {[%clk 0:26:09]} 51. Rgg2 {[%clk 0:17:07]}  Kf8 {[%clk 0:18:32]} 52. Rg1 {[%clk 0:17:28]}  Kg7 {[%clk 0:18:01]} 53. Rag2 {[%clk 0:11:16]}  Ng8 {[%clk 0:17:08]} 54. Rg4 {[%clk 0:09:33]}  Nh6 {[%clk 0:16:36]} 55. R4g2 {[%clk 0:06:07]}  Kf6 {[%clk 0:16:11]} 56. h4 {[%clk 0:06:14]}  Nf7 {[%clk 0:16:16]} 57. Rh2 {[%clk 0:01:09]}  Nxg5 {[%clk 0:16:27]} 58. hxg5+ {[%clk 0:01:24]}  Kg7 {[%clk 0:16:54]} 0-1

[Event "45th FIDE Chess Olympiad Open"]
[Site "Budapest, Hungary"]
[Date "2024.09.19"]
[Round "8"]
[White "Van Foreest, Jorden"]
[Black "Kacharava, Nikolozi"]
[Result "0-1"]
[Board "26"]
[WhiteFideId "1039784"]
[BlackFideId "13611860"]
[WhiteTitle "GM"]
[BlackTitle "GM"]
[WhiteElo "2696"]
[BlackElo "2511"]
[WhiteTeam "Netherlands"]
[BlackTeam "Georgia"]
[WhiteClock "0:40:32"]
[BlackClock "0:09:45"]
[Variant "Standard"]

1. d4 {[%clk 1:30:43]}  d5 {[%clk 1:30:41]} 2. c4 {[%clk 1:30:13]}  dxc4 {[%clk 1:30:32]} 3. Nf3 {[%clk 1:30:07]}  Nf6 {[%clk 1:30:29]} 4. e3 {[%clk 1:30:30]}  e6 {[%clk 1:30:31]} 5. Bxc4 {[%clk 1:30:50]}  c5 {[%clk 1:30:32]} 6. O-O {[%clk 1:30:35]}  a6 {[%clk 1:30:34]} 7. Re1 {[%clk 1:29:54]}  Nc6 {[%clk 1:25:07]} 8. Nc3 {[%clk 1:29:26]}  Be7 {[%clk 1:21:29]} 9. Bd3 {[%clk 1:29:46]}  O-O {[%clk 1:19:09]} 10. dxc5 {[%clk 1:29:32]}  Bxc5 {[%clk 1:18:41]} 11. a3 {[%clk 1:29:46]}  b6 {[%clk 1:07:15]} 12. b4 {[%clk 1:28:27]}  Be7 {[%clk 1:02:09]} 13. Bb2 {[%clk 1:27:43]}  Bb7 {[%clk 1:01:02]} 14. Qe2 {[%clk 1:20:32]}  b5 {[%clk 0:49:09]} 15. e4 {[%clk 1:10:58]}  Nh5 {[%clk 0:34:49]} 16. g3 {[%clk 1:09:40]}  g6 {[%clk 0:34:28]} 17. Qe3 {[%clk 1:03:27]}  f6 {[%clk 0:26:59]} 18. Bc2 {[%clk 1:01:56]}  Bd6 {[%clk 0:24:06]} 19. Bb3 {[%clk 1:02:15]}  Qe7 {[%clk 0:24:04]} 20. Ne2 {[%clk 1:02:41]}  Ng7 {[%clk 0:16:58]} 21. e5 {[%clk 0:53:47]}  fxe5 {[%clk 0:14:01]} 22. Nxe5 {[%clk 0:54:06]}  Nxe5 {[%clk 0:13:38]} 23. Bxe5 {[%clk 0:54:21]}  Rf3 {[%clk 0:13:15]} 24. Qd4 {[%clk 0:43:01]}  Bxe5 {[%clk 0:13:34]} 25. Qxe5 {[%clk 0:43:28]}  Rxb3 {[%clk 0:13:57]} 26. Nd4 {[%clk 0:43:56]}  Rd3 {[%clk 0:12:38]} 27. Rac1 {[%clk 0:44:23]}  Rd8 {[%clk 0:11:07]} 28. Nc6 {[%clk 0:40:24]}  Bxc6 {[%clk 0:11:18]} 29. Rxc6 {[%clk 0:40:51]}  R3d6 {[%clk 0:10:51]} 30. Qc5 {[%clk 0:40:32]}  Qf8 {[%clk 0:09:45]} 0-1

[Event "45th FIDE Chess Olympiad Open"]
[Site "Budapest, Hungary"]
[Date "2024.09.19"]
[Round "8"]
[White "Paichadze, Luka"]
[Black "L'Ami, Erwin"]
[Result "1-0"]
[Board "27"]
[WhiteFideId "13602934"]
[BlackFideId "1007998"]
[WhiteTitle "GM"]
[BlackTitle "GM"]
[WhiteElo "2516"]
[BlackElo "2628"]
[WhiteTeam "Georgia"]
[BlackTeam "Netherlands"]
[WhiteClock "0:29:46"]
[BlackClock "0:20:30"]
[Variant "Standard"]

1. e4 {[%clk 1:30:57]}  e5 {[%clk 1:30:50]} 2. Nf3 {[%clk 1:31:21]}  Nc6 {[%clk 1:31:09]} 3. d4 {[%clk 1:31:41]}  exd4 {[%clk 1:31:29]} 4. Nxd4 {[%clk 1:32:06]}  Nf6 {[%clk 1:31:40]} 5. Nxc6 {[%clk 1:32:18]}  bxc6 {[%clk 1:32:01]} 6. Bd3 {[%clk 1:32:41]}  d5 {[%clk 1:31:31]} 7. exd5 {[%clk 1:33:02]}  cxd5 {[%clk 1:31:55]} 8. O-O {[%clk 1:33:23]}  Be7 {[%clk 1:31:39]} 9. h3 {[%clk 1:33:46]}  O-O {[%clk 1:30:59]} 10. Nd2 {[%clk 1:34:02]}  a5 {[%clk 1:30:58]} 11. a4 {[%clk 1:34:17]}  Bb7 {[%clk 1:25:48]} 12. Re1 {[%clk 1:33:07]}  Ne4 {[%clk 1:17:59]} 13. Nxe4 {[%clk 1:18:20]}  dxe4 {[%clk 1:18:18]} 14. Bc4 {[%clk 1:18:42]}  Bd6 {[%clk 1:11:47]} 15. Qh5 {[%clk 1:12:00]}  Kh8 {[%clk 1:06:29]} 16. Bd2 {[%clk 1:02:51]}  f5 {[%clk 1:00:15]} 17. Bc3 {[%clk 1:02:10]}  Qe7 {[%clk 0:59:07]} 18. Rad1 {[%clk 1:00:53]}  Be5 {[%clk 0:53:38]} 19. Bxe5 {[%clk 0:55:51]}  Qxe5 {[%clk 0:53:59]} 20. b3 {[%clk 0:55:22]}  Bc6 {[%clk 0:49:34]} 21. Rd2 {[%clk 0:51:01]}  Rf6 {[%clk 0:44:54]} 22. Red1 {[%clk 0:46:34]}  Raf8 {[%clk 0:44:38]} 23. Rd8 {[%clk 0:41:26]}  e3 {[%clk 0:37:11]} 24. Qe2 {[%clk 0:34:53]}  f4 {[%clk 0:31:49]} 25. fxe3 {[%clk 0:34:23]}  f3 {[%clk 0:25:55]} 26. Rxf8+ {[%clk 0:34:04]}  Rxf8 {[%clk 0:26:18]} 27. Qf2 {[%clk 0:34:10]}  Qg5 {[%clk 0:24:02]} 28. Rd4 {[%clk 0:29:11]}  h6 {[%clk 0:18:45]} 29. Bd3 {[%clk 0:27:42]}  Qe7 {[%clk 0:15:18]} 30. g3 {[%clk 0:25:44]}  g5 {[%clk 0:11:17]} 31. g4 {[%clk 0:19:52]}  Qe5 {[%clk 0:07:41]} 32. Bf5 {[%clk 0:15:16]}  h5 {[%clk 0:05:55]} 33. e4 {[%clk 0:14:21]}  h4 {[%clk 0:05:13]} 34. Rd3 {[%clk 0:14:06]}  Qa1+ {[%clk 0:03:25]} 35. Qf1 {[%clk 0:12:05]}  f2+ {[%clk 0:03:20]} 36. Kxf2 {[%clk 0:03:35]}  Qxf1+ {[%clk 0:02:59]} 37. Kxf1 {[%clk 0:04:02]}  Bxe4 {[%clk 0:03:24]} 38. Rd2 {[%clk 0:04:25]}  Bxf5 {[%clk 0:03:42]} 39. Rf2 {[%clk 0:04:40]}  Kg7 {[%clk 0:03:02]} 40. Rxf5 {[%clk 0:02:16]}  Rxf5+ {[%clk 0:03:06]} 41. gxf5 {[%clk 0:02:42]}  c5 {[%clk 0:02:37]} 42. Ke2 {[%clk 0:01:07]}  Kf6 {[%clk 0:03:00]} 43. c3 {[%clk 0:00:36]}  Kg7 {[%clk 0:26:35]} 44. Kf3 {[%clk 0:29:27]}  Kf7 {[%clk 0:20:30]} 45. Kg4 {[%clk 0:29:46]} 1-0

[Event "45th FIDE Chess Olympiad Open"]
[Site "Budapest, Hungary"]
[Date "2024.09.19"]
[Round "8"]
[White "Bok, Benjamin"]
[Black "Jobava, Baadur"]
[Result "1-0"]
[Board "28"]
[WhiteFideId "1017063"]
[BlackFideId "13601520"]
[WhiteTitle "GM"]
[BlackTitle "GM"]
[WhiteElo "2596"]
[BlackElo "2582"]
[WhiteTeam "Netherlands"]
[BlackTeam "Georgia"]
[WhiteClock "0:07:03"]
[BlackClock "0:19:39"]
[Variant "Standard"]

1. d4 {[%clk 1:30:57]}  d5 {[%clk 1:30:44]} 2. c4 {[%clk 1:31:21]}  c6 {[%clk 1:31:07]} 3. Nf3 {[%clk 1:31:29]}  Nf6 {[%clk 1:31:29]} 4. Nc3 {[%clk 1:31:34]}  dxc4 {[%clk 1:31:43]} 5. a4 {[%clk 1:32:00]}  Bf5 {[%clk 1:31:54]} 6. Ne5 {[%clk 1:32:25]}  Nbd7 {[%clk 1:32:06]} 7. Nxc4 {[%clk 1:32:48]}  Nb6 {[%clk 1:32:22]} 8. Ne5 {[%clk 1:33:01]}  a5 {[%clk 1:32:46]} 9. h4 {[%clk 1:32:58]}  g6 {[%clk 1:32:23]} 10. f3 {[%clk 1:19:12]}  Be6 {[%clk 1:29:05]} 11. e4 {[%clk 1:18:49]}  Bg7 {[%clk 1:29:06]} 12. Be3 {[%clk 1:19:06]}  Nh5 {[%clk 1:28:48]} 13. Bd3 {[%clk 0:54:10]}  f6 {[%clk 1:09:28]} 14. d5 {[%clk 0:43:41]}  fxe5 {[%clk 0:58:20]} 15. dxe6 {[%clk 0:43:34]}  Nc8 {[%clk 0:41:36]} 16. Kf2 {[%clk 0:37:30]}  O-O {[%clk 0:27:50]} 17. Bc4 {[%clk 0:26:54]}  Nd6 {[%clk 0:27:39]} 18. Bb3 {[%clk 0:26:48]}  Nf6 {[%clk 0:26:31]} 19. Kg1 {[%clk 0:25:32]}  Nh5 {[%clk 0:26:45]} 20. Kh2 {[%clk 0:23:03]}  Kh8 {[%clk 0:26:49]} 21. g3 {[%clk 0:22:20]}  Rf6 {[%clk 0:19:47]} 22. Kg2 {[%clk 0:19:41]}  Qf8 {[%clk 0:11:58]} 23. Qe2 {[%clk 0:17:18]}  Ra6 {[%clk 0:03:11]} 24. Rad1 {[%clk 0:15:08]}  Bh6 {[%clk 0:03:03]} 25. Bg5 {[%clk 0:10:21]}  Rb6 {[%clk 0:03:24]} 26. Ba2 {[%clk 0:10:36]}  Qg7 {[%clk 0:02:19]} 27. Rxd6 {[%clk 0:06:18]}  exd6 {[%clk 0:02:45]} 28. e7 {[%clk 0:06:31]}  Qxe7 {[%clk 0:03:12]} 29. Bxh6 {[%clk 0:06:58]}  Qd7 {[%clk 0:03:27]} 30. Rd1 {[%clk 0:06:00]}  Rb4 {[%clk 0:03:47]} 31. Bc4 {[%clk 0:05:06]}  Ng7 {[%clk 0:02:54]} 32. b3 {[%clk 0:04:31]}  Ne6 {[%clk 0:02:28]} 33. Be3 {[%clk 0:04:45]}  h5 {[%clk 0:00:36]} 34. Na2 {[%clk 0:03:36]}  Rxc4 {[%clk 0:00:53]} 35. Qxc4 {[%clk 0:03:20]}  Kh7 {[%clk 0:01:19]} 36. Nc3 {[%clk 0:02:42]}  Qe7 {[%clk 0:01:16]} 37. b4 {[%clk 0:02:06]}  Rxf3 {[%clk 0:01:26]} 38. Qe2 {[%clk 0:01:21]}  Rf8 {[%clk 0:00:43]} 39. bxa5 {[%clk 0:01:29]}  Nf4+ {[%clk 0:00:40]} 40. Bxf4 {[%clk 0:00:41]}  exf4 {[%clk 0:01:02]} 41. Rf1 {[%clk 0:28:37]}  fxg3 {[%clk 0:27:19]} 42. Rxf8 {[%clk 0:23:56]}  Qxf8 {[%clk 0:27:40]} 43. Qf3 {[%clk 0:21:45]}  Qxf3+ {[%clk 0:25:15]} 44. Kxf3 {[%clk 0:22:08]}  g5 {[%clk 0:25:42]} 45. hxg5 {[%clk 0:13:08]}  h4 {[%clk 0:22:12]} 46. Ne2 {[%clk 0:10:11]}  d5 {[%clk 0:20:54]} 47. e5 {[%clk 0:06:17]}  c5 {[%clk 0:19:01]} 48. e6 {[%clk 0:06:37]}  Kg7 {[%clk 0:19:07]} 49. Nf4 {[%clk 0:06:26]}  d4 {[%clk 0:19:19]} 50. e7 {[%clk 0:06:39]}  Kf7 {[%clk 0:19:39]} 51. Nd5 {[%clk 0:07:03]} 1-0